000 01067nas a2200361 4500
001 BR0502978
003 BR-BrBNA
005 20231205105427.0
007 ta
008 230509b bl.|||p| |||| 00| 00por d
040 _aBR-BrBNA
_bpor
_cBiblioteca Nacional de Agricultura
041 _a(Pt)
072 _aP06
100 1 _aAmaral, C.M.C. do
100 1 _aAmaral, L.A. do
100 1 _aLucas Júnior, J.
100 1 _aNascimento, A.A. do
100 1 _aFerreira, D. de S.
100 1 _aMachado, M.R.F.
245 1 _aBiodigestão anaeróbia de dejetos de bovinos leiteiros submetidos a diferentes tempos de retenção hidráulica
650 _aBIODIGESTOR
650 _aDIGESTÃO ANAERÓBIA
650 _aMICRORGANISMO
650 _aPOLUIÇÃO
650 _aFEZES
650 _aGADO LEITEIRO
650 _aBIOGÁS
650 _aPRODUÇÃO
650 _aSÃO PAULO
773 0 _tCiência Rural (Brazil)
_xISSN 0103-8478
_g(Nov-Dec 2004), v. 34(6) p. 1897-1902
_wBR0502978
909 _a202311
_bLúcia
_c55
_dLúcia Elande
942 _2AGRIS
_n0
_cANA
999 _c182908
_d182908